Stardew Valley Festivals - Statistics

General Stats
  • This quiz has been taken 125 times
  • The average score is 7 of 12
Answer Stats
Hint Answer % Correct
Spring Festival Flower Dance
82%
Summer Festival Luau
77%
Spring Festival Egg Festival
74%
Fall Festival Stardew Valley Fair
66%
Summer Festival Dance of the Moonlight Jellies
58%
Spring Festival Desert Festival
57%
Winter Festival Feast of the Winter Star
52%
Fall Festival Spirit’s Eve
48%
Winter Festival Night Market
46%
Winter Festival Festival of Ice
39%
Winter Festival SquidFest
32%
Summer Festival Trout Derby
30%
No matching quizzes found
Score Distribution
Percent of People with Each Score
Percentile by Number Answered
Your Score History
You have not taken this quiz